Philosophica. (Record no. 1789)

MARC details
000 -LEADER
fixed length control field 01414cas a2200421 a 4500
001 - CONTROL NUMBER
control field data
005 - DATE AND TIME OF LATEST TRANSACTION
control field 20260322212118.0
008 - FIXED-LENGTH DATA ELEMENTS--GENERAL INFORMATION
fixed length control field data
035 ## - SYSTEM CONTROL NUMBER
System control number 15222295
010 ## - LIBRARY OF CONGRESS CONTROL NUMBER
LC control number 2008200064
035 ## - SYSTEM CONTROL NUMBER
System control number (OCoLC)212911874
040 ## - CATALOGING SOURCE
Original cataloging agency PUL
Language of cataloging eng
Transcribing agency DLC
Modifying agency OCLCO
-- OCLCQ
-- OCLCF
-- OCLCO
-- OCLCQ
-- OCLCO
041 0# - LANGUAGE CODE
Language code of text/sound track or separate title eng
-- eng
Language code of summary or abstract ger
042 ## - AUTHENTICATION CODE
Authentication code lccopycat
050 00 - LIBRARY OF CONGRESS CALL NUMBER
Classification number B6
Item number .P52
130 0# - MAIN ENTRY--UNIFORM TITLE
Uniform title Philosophica (Olomouc, Czech Republic)
245 10 - TITLE STATEMENT
Title Philosophica.
260 ## - PUBLICATION, DISTRIBUTION, ETC.
Place of publication, distribution, etc. Olomouc :
Name of publisher, distributor, etc. Vyd. Univerzity Palackého,
Date of publication, distribution, etc. 1993-
300 ## - PHYSICAL DESCRIPTION
Extent volumes ;
Dimensions 23-25 cm.
310 ## - CURRENT PUBLICATION FREQUENCY
Current publication frequency Irregular
336 ## - CONTENT TYPE
Content type term text
Content type code txt
Source rdacontent
337 ## - MEDIA TYPE
Media type term unmediated
Media type code n
Source rdamedia
338 ## - CARRIER TYPE
Carrier type term volume
Carrier type code nc
Source rdacarrier
362 0# - DATES OF PUBLICATION AND/OR SEQUENTIAL DESIGNATION
Dates of publication and/or sequential designation 1-
490 0# - SERIES STATEMENT
Series statement Acta Universitatis Palackianae Olomucensis. Facultas Philosophica. Philosophica--aesthetica,
International Standard Serial Number 1212-1207
546 ## - LANGUAGE NOTE
Language note Chiefly in Czech; some articles in English; summaries in English or German.
588 ## - SOURCE OF DESCRIPTION NOTE
Source of description note Latest issue consulted: 6 (2005).
650 #0 - SUBJECT ADDED ENTRY--TOPICAL TERM
Topical term or geographic name entry element Philosophy.
650 #2 - SUBJECT ADDED ENTRY--TOPICAL TERM
Topical term or geographic name entry element Philosophy
650 #6 - SUBJECT ADDED ENTRY--TOPICAL TERM
Topical term or geographic name entry element Philosophie.
650 #7 - SUBJECT ADDED ENTRY--TOPICAL TERM
Topical term or geographic name entry element philosophy.
Source of heading or term aat
650 #7 - SUBJECT ADDED ENTRY--TOPICAL TERM
Topical term or geographic name entry element Philosophy.
Source of heading or term fast
Authority record control number or standard number (OCoLC)fst01060777
710 2# - ADDED ENTRY--CORPORATE NAME
Corporate name or jurisdiction name as entry element Univerzita Palackého v Olomouci.
Subordinate unit Filozofická fakulta.
906 ## - LOCAL DATA ELEMENT F, LDF (RLIN)
a 7
b cbc
c serials
d 3
e ncip
f 20
g n-oclcserc
925 0# -
-- Acquire
-- 1 shelf copy
-- policy default
955 ## - COPY-LEVEL INFORMATION (RLIN)
-- da55 2008-03-17; to BCCD
Holdings
Withdrawn status Lost status Damaged status Not for loan Home library Current library Shelving location Date acquired Total checkouts Full call number Barcode Date last seen Price effective from Koha item type
        Franklin Franklin General stacks 22/03/2026   B6 LOC-FRL-00025 22/03/2026 22/03/2026 Books